Statistics for Kpop Song by English Lyrics #6

Click here to take the quiz!

General Stats

  • This quiz has been taken 40 times
  • The average score is 4 of 28

Answer Stats

English Lyrics Song % Correct
Every time I show up, blow up, uhWhistle
79%
But still part of this world / Extra plus ordinaryNot Today
62%
You know it all / You're my best friendSpring Day
47%
I love you so much!TT
44%
Shake it to the left, now shake it to the rightDancing King
26%
Cause I think about you errdayBeautiful
26%
Baby you're mine mine mineNever Ever
21%
Bee for the honey / Bee bee for theHoney Bee
21%
You lookin' for a man that's realerOh NaNa
18%
Dear God do you hear my cry / I pray for her back every nightI'll Be Your Man
18%
Let her sleep well yeahShe's a Baby
15%
Ho, ho, wake me, up~ / Thirsty, thirsty, for love~Limitless
15%
It just comes so naturalAutomatic
12%
You're so crazy, amazingPepe
6%
Gold key, or get luckyKnock Knock
6%
JYP / And the Wonder Girls / We're back!I Feel You
6%
Make me kiss you / Ma-make me kiss youMake Me Love You
3%
Look at my gesture / Make by finger toe / I am a scene stealer / What about no ketchupAround
0%
Tell me have a nice day / Tell me have a nice dayB-Day
0%
Lonely lonely day (lonely day)Where Are You?
0%
Don't stop get it get it, get it get itBorn to Be Wild
0%
Every day and night and every time..Always
0%
Shake it, shake it, shake it, ha!Doo Doom Chit
0%
Hey boy listen / What is this feeling / Come on tell meWill You Go Out With Me?
0%
Could you tell, could you tellWindy Day
0%
Hur hur hurry hurry / Tell me that you want meA Girl Like Me
0%
I can't sleepCricket Song
0%
Bow your head down / I'm the queen / Come and kiss up on my feetAnck Su Namum
0%

Score Distribution

Percentile by Number Answered

Percent of People with Each Score

Your Score History

You have not taken this quiz